| Registos Bibliográficos associados ao registo de autoridade |
|
Etiqueta de registo: 00666cas 2200241 450 001 845693 003 http://id.bnportugal.gov.pt/bib/catbnp/845693 100 ## $a19990126b19361936m y0pory01030103ba 101 0# $apor 102 ## $aPT 106 ## $ae 110 ## $acuuzz 0uu0 200 1# $aIn folio$fpropr. Edições Europa$gdir. R. N. Marques Cardoso 207 #0 $aA. 1, nº 1 (jan. 1936) 210 #9 $aLisboa$cEdições Europa,$d1936 215 ## $d35 cm 620 ## $dLisboa 675 ## $a82(051)$vBN$zpor$31461878 702 #1 $aCardoso,$bR. N. Marques$4300$3771657 712 02 $aEdições Europa$4650$3771658 801 #0 $aPT$bBN$gRPC 966 ## $lBN$mFGJOR$nA. 1, nº 1 (Jan. 1936)$sJ. 1550//19 V. $x1
Etiqueta de registo: 00703cam 02200241 04500 001 714506 003 http://id.bnportugal.gov.pt/bib/catbnp/714506 100 ## $a19970128f19301939m y0pory01030103ba 101 0# $apor 102 ## $aPT 105 ## $ay z 000yy 106 ## $ar 200 1# $aDuarte Lôbo, (1540-1643)$fpor Maria Antonieta de Lima Cruz 210 #9 $aLisboa$cEuropa,$d[193-] 215 ## $a28 p.$d17 cm 225 2# $a Os grandes músicos$v12 316 ## $aExemplar encadernado em miscelânea$5PTBN: M. 926//5 P. 317 ## $aDoação Madalena Furtado$5PTBN: M. 2478 P. 317 ## $aColeção Cremilde e Gerhard Doderer$5PTBN: DOD.B. 85 317 ## $aFundação C. Gulbenkian, Fundo Viana da Mota ; cota anterior: FCG VM 5419 MSC 552$5PTBN: V.M. 636 317 ## $aFundação C. Gulbenkian, Espólio Emma Romero da Câmara Reis ; cota anterior: C.R. 159$5PTBN: EMUS1 158 317 ## $aFundação C. Gulbenkian, Espólio Emma Romero da Câmara Reis ; cota anterior: C.R. 474$5PTBN: EMUS1 453 317 ## $aConservatório Nacional$5PTBN: C.N. 911 P. 600 #0 $aLobo,$bDuarte,$fca 1564-1646$x[Biografias]$2SIPOR$3710001 606 ## $aCompositores portugueses$zSéc. 16-17$2SIPOR$31239048 675 ## $a78.07(09)$vBN$zpor$3419696 675 ## $a78.07Lobo, Duarte$vBN$zpor$3295829 675 ## $a929Lobo, Duarte$vBN$zpor$3710002 700 #1 $aCruz,$bMaria Antonieta de Lima,$f1901-1957$355638 712 02 $aEdições Europa$4650$3771658 712 01 $aPortugal.$bConservatório Nacional.$bEscola de Música$4390$31172174 801 #0 $aPT$bBN$gRPC 966 ## $lBN$mMUSICA$pConservatório Nacional$sC.N. 911 P. $x3 966 ## $lBN$mMUSICA$sDOD.B. 85$x3 966 ## $lBN$mMUSICA$pEspólio Emma Romero da Câmara Reis$sEMUS1 158$x3 966 ## $lBN$mMUSICA$pEspólio Emma Romero da Câmara Reis$sEMUS1 453$x3 966 ## $lBN$mMUSICA$sM. 926//5 P. $x1 966 ## $lBN$mMUSICA$sM. 2478 P.$x3 966 ## $lBN$mMUSICA$sV.M. 636 $x6
Etiqueta de registo: 00568cam 02200205 04500 001 714505 003 http://id.bnportugal.gov.pt/bib/catbnp/714505 100 ## $a19931011f19301939m y0pory01030103ba 101 0# $apor 102 ## $aPT 105 ## $ay z 000yy 106 ## $ar 200 1# $aD. João IV, 1604-1656$fMaria Antonieta de Lima Cruz 210 #9 $aLisboa$cEuropa,$d[193-] 215 ## $a30 p.$d17 cm 225 2# $a Os grandes músicos$v11 316 ## $aExemplar encadernado em miscelânea$5PTBN: B.A. 2150//7 P. 317 ## $aDoação Maria Aurora Sequeira$5PTBN: M. 2255 P. 317 ## $aColeção Cremilde e Gerhard Doderer$5PTBN: DOD.B. 71 317 ## $aFundação C. Gulbenkian, Fundo Viana da Mota ; Cota anterior: FCG VM 5418 MSC 551$5PTBN: V.M. 635 317 ## $aFundação C. Gulbenkian, Espólio Emma Romero da Câmara Reis ; cota anterior: C.R. 473$5PTBN: EMUS1 452 317 ## $aConservatório Nacional$5PTBN: C.N. 910 P. 532 12 $aDom João IV, 1604-1656 600 #0 $aJoão IV,$cRei de Portugal,$f1604-1656$2SIPOR$359717 606 ## $aMúsicos$2SIPOR$349996 675 ## $a78.07A/Z$vBN$zpor$31034222 675 ## $a32João IV, Rei de Portugal$vBN$zpor$31307432 700 #1 $aCruz,$bMaria Antonieta de Lima,$f1901-1957$355638 712 02 $aEdições Europa$4650$3771658 712 01 $aPortugal.$bConservatório Nacional.$bEscola de Música$4390$31172174 801 #0 $aPT$bBN$gRPC 966 ## $lBN$mFGMON$sB.A. 2150//7 P. 966 ## $lBN$mMUSICA$pConservatório Nacional$sC.N. 910 P. $x7 966 ## $lBN$mMUSICA$sDOD.B. 71$x3 966 ## $lBN$mMUSICA$pEspólio Emma Romero da Câmara Reis$sEMUS1 452$x3 966 ## $lBN$mMUSICA$sM. 2255 P.$x3 966 ## $lBN$mMUSICA$sV.M. 635 $x6 976 ## $d20260701$rjamaral 997 ## $aBIBEOD
Etiqueta de registo: 00565cam 2200205 450 001 422044 003 http://id.bnportugal.gov.pt/bib/catbnp/422044 100 ## $a19910307f19301939m y0pory01030103ba 101 0# $apor 102 ## $aPT 105 ## $ay z 000yy 106 ## $ar 200 1# $aManuel Cardoso, (1570-1650)$fMaria Antonieta de Lima Cruz 210 #9 $aLisboa$cEuropa,$d[193-] 215 ## $a25 p.$d17 cm 225 2# $a Os grandes músicos$v18 316 ## $aExemplar encadernado em miscelânea$5PTBN: B.A. 2193//16 P., B.A. 2294//12 P. 317 ## $aFundação Gulbenkian, Fundo Viana da Mota ; Cota anterior: FCG VM 5421 MSC 554$5PTBN: V.M. 638 317 ## $aColeção Cremilde e Gerhard Doderer$5PTBN: DOD.B. 33 317 ## $aFundação C. Gulbenkian, Espólio Emma Romero da Câmara Reis ; cota anterior: C.R. 480$5PTBN: EMUS1 459 317 ## $aConservatório Nacional$5PTBN: C.N. 913 P. 600 #1 $aCardoso,$bManuel,$f1566-1650,$cO. Carm.$j[Biografias]$2SIPOR$3976894 606 ## $aCompositores portugueses$zSéc. 16-17$2SIPOR$31239048 675 ## $a78Cardoso, Manuel, Irmão$vBN$zpor$3976889 700 #1 $aCruz,$bMaria Antonieta de Lima,$f1901-1957$355638 712 02 $aEdições Europa$4650$3771658 712 02 $aFundação Calouste Gulbenkian$4390$310631 712 01 $aPortugal.$bConservatório Nacional.$bEscola de Música$4390$31172174 801 #0 $aPT$bBN$gRPC 966 ## $lBN$mFGMON$sB.A. 2193//16 P. 966 ## $lBN$mFGMON$sB.A. 2294//12 P. 966 ## $lBN$mMUSICA$pConservatório Nacional$sC.N. 913 P. $x7 966 ## $lBN$mMUSICA$sDOD.B. 33$x3 966 ## $lBN$mMUSICA$pEspólio Emma Romero da Câmara Reis$sEMUS1 459$x3 966 ## $lBN$mMUSICA$sV.M. 638 $x6
Etiqueta de registo: 00758cam 02200241 04500 001 714504 003 http://id.bnportugal.gov.pt/bib/catbnp/714504 100 ## $a19970128f19301939m y0pory01030103ba 101 0# $apor 102 ## $aPT 105 ## $ay z 000yy 106 ## $ar 200 1# $aBomtempo, 1775-1842$fpor Maria Antonieta de Lima Cruz 210 #9 $aLisboa$cEuropa,$d[193-] 215 ## $a27 p.$d17 cm 225 2# $a Os grandes músicos$v13 316 ## $aExemplar encadernado em miscelânea$5PTBN: M. 926//3 P. 316 ## $aAnotações ms. de Viana da Mota ; cota anterior: FCG VM 5420 MSC 553$5PTBN: V.M. 637 317 ## $aFundação C. Gulbenkian, Fundo Viana da Mota$5PTBN: V.M. 637 317 ## $aColeção Cremilde e Gerhard Doderer$5PTBN: DOD.B. 9 317 ## $aFundação C. Gulbenkian, Espólio Emma Romero da Câmara Reis ; cota anterior: C.R. 160$5PTBN: EMUS1 159 317 ## $aFundação C. Gulbenkian, Espólio Emma Romero da Câmara Reis ; cota anterior: C.R. 476$5PTBN: EMUS1 455 317 ## $aConservatório Nacional$5PTBN: C.N. 912 P. 600 #1 $aBomtempo,$bJoão Domingos,$f1775-1842$x[Biografias]$2SIPOR$379891 675 ## $a78.07(09)$vBN$zpor$3419696 675 ## $a78.07Bomtempo, João Domingos$vBN$zpor$3314263 675 ## $a929Bomtempo, João Domingos$vBN$zpor$3522215 700 #1 $aCruz,$bMaria Antonieta de Lima,$f1901-1957$355638 712 02 $aEdições Europa$4650$3771658 712 01 $aPortugal.$bConservatório Nacional.$bEscola de Música$4390$31172174 801 #0 $aPT$bBN$gRPC 966 ## $lBN$mMUSICA$pConservatório Nacional$sC.N. 912 P. $x7 966 ## $lBN$mMUSICA$sDOD.B. 9 $x3 966 ## $lBN$mMUSICA$pEspólio Emma Romero da Câmara Reis$sEMUS1 159$x3 966 ## $lBN$mMUSICA$pEspólio Emma Romero da Câmara Reis$sEMUS1 454$x3 966 ## $lBN$mMUSICA$sM. 926//3 P. $x1 966 ## $lBN$mMUSICA$sV.M. 637 $x6
|
|
|